Normal view
MARC view
Entry Personal Name
001 - CONTROL NUMBER
- control field: 46982
003 - CONTROL NUMBER IDENTIFIER
- control field: ARRUPE
005 - DATE AND TIME OF LATEST TRANSACTION
- control field: 20190712125307.0
008 - FIXED-LENGTH DATA ELEMENTS
- fixed length control field: 190712|| aca||aabn | a|a d
040 ## - CATALOGING SOURCE
- Original cataloging agency: ARRUPE
- Transcribing agency: ARRUPE
100 ## - HEADING--PERSONAL NAME
- Personal name: Isaacman, Allen
670 ## - SOURCE DATA FOUND
- Source citation: Work cat.: (ARRUPE)13678: Isaacman, Allen, Cotton is the mother of poverty, 1996